000 00954nam a2200265Ia 4500
003 OSt
005 20220923215309.0
006 a|||||r|||| 00| 0
007 ta
008 220922b |||||||| |||| 00| 0 hin d
024 _a177,517
037 _cTextual
040 _aARTS
_cARTS
_bhin
041 _2hin
_ahin
082 _aO152,1L76,1:g, M4;M9
100 _aभट्ट, रघुनाथ
_9156291
245 0 _aहिन्दी सतसई परम्परा में दया राम सतसई
246 _aHindī satasaī paramparā mean dayā rām satasaī
250 _aसंस्क0 2
260 _aअहमदाबाद
_b हिन्दी साहित्य परिषद
_c1989
300 _a152 पृ.
_ccm.
650 _aहिन्दी साहित्य
_9156264
942 _hO152,1L76,1:g, M4;M9
_cTEXL
_2CC
999 _c330905
_d330905